Statistics for Alphabetical cheeses A-Z

Click here to take the quiz!

General Stats

  • This quiz has been taken 41 times
  • The average score is 10 of 26

Answer Stats

ListCheeses% Correct
CCottage / Cambozola / Camembert / Cheddar / Colby / Cream / Comté / Cantal / Crottin de Chavignol / Caerphilly / Coolea / Cabécou / Chaource / Chabichou / Caciotta / Caprino / Cotija / Coulommiers / Cuajada / Cabrales
95%
GGouda / Gruyere / Goat / Gorgonzola / Garrotxa / Geitost / Graddost / Gaperon / Gamonéu / Gammelost / Galette Lyonnaise / Golden Cross / Gorwydd Caerphilly / Gornyaltajski / Graskaas / Graviera / Greuilh / Gris de Lille / Grubeli / Grana Padano
89%
BBlue / Brie / Boursault / Boursin / Bel Paese / Beemster / Beaufort / Brillat-Savarin / Beurre d'Echiré / Beurre d'Isigny / Beurre de Baratte / Beurre de Bresse / Beurre de Crème / Beurre de Tourage / Beurre Grand Fermage / Beurre Maître d'Hôtel / Belnori / Blandy / Bleu d'Auvergne / Buffalino
84%
MMozzarella / Munster / Mimolette / Manchego / Monterey / Jack Morbier / Mascarpone / Maroilles / Mahón / Mahoe / Maredsous / Montasio / Monte Enebro / Mini Babybel / Monastery Cheeses / Montenebro / Maribo / Mitzithra / Mizithra / Maasdam
82%
PParmesan / Pecorino / Provolone / Pimento / Pepper Jack / Pavé d'Auge / Port Salut / Pont-l'Évêque /
Pouligny-Saint-Pierre / Paneer / Pyrenees / Pas de l'Escalette / Petit Billy / Provel
79%
EEmmental / Edam / Epoisses / Etorki / Esrom / Esquirrou / Evora / Emmental français / El Trigal / Emmental de Savoie / Époisses de Bourgogne / Emmental suisse / Emmental de Bresse / Évry / Emmental du Lorraine / Emmental français au lait cru / Emmental français au lait pasteurisé / Emmental de Haute-Savoie / Emilgrana
71%
SSwiss / Stilton / String / Sbrinz / Stichelton / Selles-sur-Cher / Sancerre / Saint-Félicien / Saint-Nectaire / Saint-Paulin / Sainte-Maure de Touraine / Saanen / Sardo / Sbrinz
71%
RRoquefort / Reblochon / Ricotta / Raclette / Red Leicester / Red Windsor / Roncal / Regal de la Dombes / Rochebaron / Rochechouart / Rollot / Romadur / Rondin de Brebis / Rutland Red
61%
AAbondance / American / Asiago / Azeitao / Ami du Chambertin / Appenzeller / Ardrahan / Abbaye de Belloc / Abbaye de Citeaux / Abbaye du Mont des Cats / Abbaye du Mont-Saint-Bernard / Abertam / Adelost / Afuega'l Pitu / Airag / Ambert
55%
FFeta / Fontina / Fourme d'Ambert / Formaggio di capra / Friesekaas / Fynbo / Farmhouse Cheddar / Fiore Sardo / Fleur du Maquis / Formai de Mut / Forme d'Ambert / Formaggio di pecora / Forme di Frabosa / Frico / Fromage à Raclette / Fromage de Montagne / Fromage Frais / Fromage à pâte pressée / Fynsk rygeost / Färskost
55%
HHavarti / Halloumi / Harzer / Havda / Herrgårdsost / Hervar / Hoch Ybrig / Holstein / Hooligan / Huilka / Házitej / Hafod
50%
LLimburger / La Serena / Livarot / Langres / Lanza / Lappi / Leerdammer / Leyden / Lebbene / Lebrecht / Leicester / Leicestershire / Liederkranz / Little Rydings / Llanglofan Farm / Lo Sburr / Loudwater / Lou Palou / Lournand
39%
JJarlsberg / Jibneh Arabieh / Judas / Junagadh / Jura / Juustoleipa / Jaboulet / Jaffna / Jean Grogne / Jeune Autize / Jeune Correze / Jeune Madrange / Jeune Autize / Jindi Brie / Johnie / Jon / Jort / Joseph Helin / Juusto / Jocassee
29%
TTaleggio / Tilsit / Teviotdale / Tetilla / Tête de Moine / Tomme / Tomme Crayeuse / Torta del Casar / Trappe / Triple Crème / Tronchón / Trou du Cru
26%
WWhite Stilton with Fruit / Wensleydale / White Stilton / Wisconsin Brick / Wagon Wheel / Waterloo / Wildspitz
24%
VVelveeta / Vacherin / Valdeón / Valençay / Västerbottenost / Verdal / Vermont Cheddar / Vlaskaas / Vlahotiri
16%
NNeufchâtel / Nisa / Nokkelost / Norfolk Mardler / Norman / Nostrale / Nugan / Nyland / Nebro / Nettel / Nettle Meadow Kunik / New York / Nocturne / Northumberland / Norwegian / Noyac
11%
DDanish Blue / Dolcelatte / Durrus / Derby / Doppelrahmstufe / Dorset Blue Vinney / Dry Jack / Drunken Goat / Dziugas / D'Arsy / Dauphin / Delice de Bourgogne / Délice des Fiouves / Dunlop / Danablu / Diablo / Domiati / Dorblu / Doux de Montagne / Dulce de Leche
8%
QQuark / Quarkkäse / Quattro Portoni / Queijo do Pico / Queijo Serra da Estrela / Queijo São Jorge / Quercy Petit / Quincoces de Yuso / Queso del Tietar
8%
IIdiazabal / Iberico / Isigny Ste Mere / Innes / Innes Log / Iraty / Irsai Olivér / Italiano / Ibores / Ilchester / Iles aux Grues / Illawarra / Imperial / Isle of Mull / Istara / Istra / Il Sannio
5%
KKasseri / Kefalotyri / Killeen / King Island Dairy / Kite Hill / Kleekas / Knivskär / Kugelkäse / Kunik / Kuray / Kanterkaas / Kars gravyer / Korall / Korba / Korbáčik / Korn
5%
YYarg /Yarra Valley Dairy
5%
OOssau-Iraty / Ossau / Olomoucké tvarůžky / Oschtjepka / Overjarige
0%
UUbriaco / Upland Cress / Uniekaas / Urdaibai / Usban / Upland Cress
0%
XXynotyro
0%
ZZamorano / Zimbro / Zanetti Grana Padano / Zanetti Parmigiano Reggiano / Zanetti Pecorino Romano / Zanetti Provolone / Załuski
0%

Score Distribution

Percentile by Number Answered

Percent of People with Each Score

Your Score History

You have not taken this quiz